Межотраслевые типовые инструкции по охране труда при эксплуатации электроустановок, проведении электрических измерений и испытаний: Сборник типовых инструкций; ТИ Р М-(062-074)-2002; Типовая инструкция по охране труда для электромонтера по обслуживанию электрооборудования электростанций ТИ Р М-062 - 2002; Типовая инструкция по охране труда для электромонтера главного щита управления ТИ Р М-063 - 2002; Типовая инструкция по охране труда для электромонтера по обслуживанию гидроагрегатов машинного зала ТИ Р М-064 - 2002; Типовая инструкция по охране труда для электрослесаря по обслуживанию автоматики и средств измерений ТИ Р М-065 - 2002; Типовая инструкция по охране труда для аккумуляторщика ТИ Р М-067 - 2002; Типовая инструкция по охране труда для электромонтера по обслуживанию подстанций ТИ Р М-068 - 2002; Типовая инструкция по охране труда для электромонтера по эксплуатации распределительных сетей ТИ Р М-069 - 2002; Типовая инструкция по охране труда для электромонтера по оперативным переключениям в распределительных сетях ТИ Р М-070 - 2002; Типовая инструкция по охране труда для электромонтера оперативно-выездной бригады ТИ Р М-071 - 2002; Типовая инструкция по охране труда для электромонтера по надзору за трассами кабельных сетей ТИ Р М-072 - 2002; Типовая инструкция по охране труда при работе с ручным электроинструментом ТИ Р М-073 - 2002; Типовая инструкция по охране труда при проведении электрических измерений и испытаний ТИ Р М-074 - 2002
| Erakunde egilea: | |
|---|---|
| Gaia: | Инструкции введены в действие с 1 января 2003 г. |
| Hizkuntza: | errusiera |
| Argitaratua: |
Москва, НЦ ЭНАС, 2003
|
| TOC: | Типовая инструкция по охране труда для электромонтера по обслуживанию электрооборудования электростанций ТИ Р М-062 - 2002; Типовая инструкция по охране труда для электромонтера главного щита управления ТИ Р М-063 - 2002; Типовая инструкция по охране труда для электромонтера по обслуживанию гидроагрегатов машинного зала ТИ Р М-064 - 2002; Типовая инструкция по охране труда для электрослесаря по обслуживанию автоматики и средств измерений ТИ Р М-065 - 2002; Типовая инструкция по охране труда для аккумуляторщика ТИ Р М-067 - 2002; Типовая инструкция по охране труда для электромонтера по обслуживанию подстанций ТИ Р М-068 - 2002; Типовая инструкция по охране труда для электромонтера по эксплуатации распределительных сетей ТИ Р М-069 - 2002; Типовая инструкция по охране труда для электромонтера по оперативным переключениям в распределительных сетях ТИ Р М-070 - 2002; Типовая инструкция по охране труда для электромонтера оперативно-выездной бригады ТИ Р М-071 - 2002; Типовая инструкция по охране труда для электромонтера по надзору за трассами кабельных сетей ТИ Р М-072 - 2002; Типовая инструкция по охране труда при работе с ручным электроинструментом ТИ Р М-073 - 2002; Типовая инструкция по охране труда при проведении электрических измерений и испытаний ТИ Р М-074 - 2002; |
| Gaiak: | |
| Formatua: | MixedMaterials Liburua |
| KOHA link: | https://koha.lib.tpu.ru/cgi-bin/koha/opac-detail.pl?biblionumber=59157 |
MARC
| LEADER | 00000nam0a2200000 4500 | ||
|---|---|---|---|
| 001 | 59157 | ||
| 005 | 20231031060005.0 | ||
| 010 | |a 5931962395 | ||
| 035 | |a (RuTPU)RU\TPU\book\62528 | ||
| 090 | |a 59157 | ||
| 100 | |a 20031222d2003 k y0rusy50 ca | ||
| 101 | 0 | |a rus | |
| 102 | |a RU | ||
| 105 | |a y l 000zy | ||
| 200 | 1 | |a Межотраслевые типовые инструкции по охране труда при эксплуатации электроустановок, проведении электрических измерений и испытаний |e Сборник типовых инструкций |e ТИ Р М-(062-074)-2002 |f Министерство энергетики Российской Федерации | |
| 210 | |a Москва |c НЦ ЭНАС |d 2003 | ||
| 215 | |a 176 с. | ||
| 300 | |a Инструкции введены в действие с 1 января 2003 г. | ||
| 464 | |t Типовая инструкция по охране труда для электромонтера по обслуживанию электрооборудования электростанций ТИ Р М-062 - 2002 | ||
| 464 | |t Типовая инструкция по охране труда для электромонтера главного щита управления ТИ Р М-063 - 2002 | ||
| 464 | |t Типовая инструкция по охране труда для электромонтера по обслуживанию гидроагрегатов машинного зала ТИ Р М-064 - 2002 | ||
| 464 | |t Типовая инструкция по охране труда для электрослесаря по обслуживанию автоматики и средств измерений ТИ Р М-065 - 2002 | ||
| 464 | |t Типовая инструкция по охране труда для аккумуляторщика ТИ Р М-067 - 2002 | ||
| 464 | |t Типовая инструкция по охране труда для электромонтера по обслуживанию подстанций ТИ Р М-068 - 2002 | ||
| 464 | |t Типовая инструкция по охране труда для электромонтера по эксплуатации распределительных сетей ТИ Р М-069 - 2002 | ||
| 464 | |t Типовая инструкция по охране труда для электромонтера по оперативным переключениям в распределительных сетях ТИ Р М-070 - 2002 | ||
| 464 | |t Типовая инструкция по охране труда для электромонтера оперативно-выездной бригады ТИ Р М-071 - 2002 | ||
| 464 | |t Типовая инструкция по охране труда для электромонтера по надзору за трассами кабельных сетей ТИ Р М-072 - 2002 | ||
| 464 | |t Типовая инструкция по охране труда при работе с ручным электроинструментом ТИ Р М-073 - 2002 | ||
| 464 | |t Типовая инструкция по охране труда при проведении электрических измерений и испытаний ТИ Р М-074 - 2002 | ||
| 610 | 1 | |a электротехника | |
| 610 | 1 | |a электрические установки | |
| 610 | 1 | |a эксплуатация | |
| 610 | 1 | |a безопасность | |
| 610 | 1 | |a обслуживание | |
| 610 | 1 | |a электромонтеры | |
| 610 | 1 | |a электрослесари | |
| 610 | 1 | |a электролизные установки | |
| 610 | 1 | |a аппаратчики | |
| 610 | 1 | |a электрические измерения | |
| 610 | 1 | |a испытания | |
| 610 | 1 | |a типовые инструкции | |
| 610 | 1 | |a охрана труда | |
| 610 | 1 | |a ТИ Р М-(062-074)-2002 | |
| 675 | |a 621.31.004:658.382(083) |v 3 | ||
| 712 | 0 | 1 | |a Министерство энергетики Российской Федерации |2 stltpush |3 (RuTPU)RU\TPU\col\1421 |
| 801 | 1 | |a RU |b 63413507 |c 20031222 |g PSBO | |
| 801 | 2 | |a RU |b 63413507 |c 20221205 |g PSBO | |
| 942 | |c BK | ||